Koncepčné východiská konkurenčnej schopnosti v závislosti od úrovne skúmania
Teoretické vymedezenie a koncepčné východiská problematiky konkurenčnej schopnosti v závislosti od úrovne skúmania (ekonomika, odvetvie, podnik). Konkurenčná schopnosť z hľadiska komplexnosti. Schopnosť krajiny udržiavať si úroveň produkcie a predaja výrobkov. Vhodná politika a príslušné úrovne náro...
Saved in:
| Main Author: | |
|---|---|
| Format: | Book Chapter |
| Language: | Slovak |
| Subjects: | |
| Tags: |
No Tags, Be the first to tag this record!
|
MARC
| LEADER | 00000naa$a2200000$$$4500 | ||
|---|---|---|---|
| 001 | 0106129 | ||
| 005 | 20231121095828.4 | ||
| 041 | 0 | |a slo | |
| 044 | |a SK | ||
| 245 | 1 | 0 | |a Koncepčné východiská konkurenčnej schopnosti v závislosti od úrovne skúmania |c Jaroslava Hečková |
| 520 | |a Teoretické vymedezenie a koncepčné východiská problematiky konkurenčnej schopnosti v závislosti od úrovne skúmania (ekonomika, odvetvie, podnik). Konkurenčná schopnosť z hľadiska komplexnosti. Schopnosť krajiny udržiavať si úroveň produkcie a predaja výrobkov. Vhodná politika a príslušné úrovne národnej ekonomiky.Význam v catching-up v procesoch konvergencie. | ||
| 610 | 2 | 0 | |a konkurencieschopnosť |
| 610 | 2 | 0 | |a stratégia podniková |
| 610 | 2 | 0 | |a faktory výrobné |
| 610 | 2 | 0 | |a dopyt |
| 610 | 2 | 0 | |a ponuka |
| 610 | 2 | 0 | |a produkcia |
| 610 | 2 | 0 | |a konkurencia trhová |
| 100 | 1 | |a Hečková, Jaroslava | |